000 00649nam a2200169Ia 4500
008 090711s9999 xx 000 0 und d
082 _b73528
100 _aलिमये सुहास भा.
245 _aमी पाहिलेली अमेरिका व इंग्लंड
260 _c1993
300 _a78
600 _aलिमये सुहास भा.
630 _aमी पाहिलेली अमेरिका व इंग्लंड
700 _aलिमये सुहास भा.
730 _aमी पाहिलेली अमेरिका व इंग्लंड
942 _cBOOK
999 _c291766
_d291766